00865 a2200181 45000010006000000050017000060080041000230030015000640400040000790800050001192450100001690200018002692640034002873000019003215050218003401000031005588560094005892522820260407155536.0260407a1991 arg spa dAR-UNSa-BCEJYS aAR-UNSa-BCEJYSbspacAR-UNSa-BCEJYS a336.745xCambio de monedas. Moneda extranjera10aDerecho económico monetariopconvertibilidad, moneda extranjera y responsabilidad del estado. a950-14-0605-9 1aBuenos Aires :bDepalmac1991 a207 p.c23 cm. a1. Aspectos generales, monetarios y cambiarios - 2. Convertibilidad - 3. La moneda extranjera en las relaciones internas - 4. La moneda extranjera en las relaciones internacionales - 5. Responsabilidad del estado.1 aGerscovich, Carlos Gustavo41uhttps://biblioeco.unsa.edu.ar/pmb/images/libros/L58777.jpgyImagen de portadaqimage/jpeg